[Event "Moscow Tal Memorial 6th"]
[Site "Moscow"]
[Date "2011.11.20"]
[Round "5"]
[White "Karjakin, Sergey"]
[Black "Svidler, Peter"]
[Result "1/2-1/2"]
[WhiteElo "2763"]
[BlackElo "2755"]
[Annotator "Ramirez Alvarez,A"]
[PlyCount "52"]
[EventDate "2011.11.16"]
[EventType "tourn"]
[EventRounds "9"]
[EventCountry "RUS"]
[EventCategory "22"]
[SourceTitle "CBM 146"]
[Source "ChessBase"]
[SourceDate "2012.01.18"]
[SourceVersion "1"]
[SourceVersionDate "2012.01.18"]
[SourceQuality "1"]
[TimeControl "6000+30"]

1. e4 c5 2. Nf3 e6 3. d4 cxd4 4. Nxd4 a6 5. Bd3 Nf6 6. O-O e5 {The Tal
Memorial had a lot of unsual moves very early in the opening, which lead to
many interesting games. This move, again, is not new, but quite rare. It
caught my own attention when Jobava used it to bear Gharmian earlier this year
in very convincing fashion.} 7. Bg5 $5 {The highest scoring move. White
doesn't want to give Black any time to develop and doesn't wish to retreat!} (
7. Nf3 d6 {doesn't seem dangerous.}) (7. Nb3 d6 8. Nc3 Be7 {is a typical
Najdorf position but White has an extra tempo. On the other hand his B on d3
is very awkward. The strange move} 9. Be2 {transposes back into a mainline Be2
Najdorf.}) 7... h6 {The Women's World Champion's choice earlier this year, but
7...d6 is more popular:} (7... d6 8. Nf5 Be6 9. Nc3 Nbd7 {was a strange
position which favoured Black in the endgame in Zhigalko-Bocharov this year.})
8. Bxf6 Qxf6 9. Nf5 g6 {The game's novelty. It makes sense to push the N back,
but at the same time the N will be going to e3, where it will cement control
over the very weakened d5. This system is very strange in that Black has
nearly no development, but his position isn't all that bad.} (9... d5 10. Nc3
$1 d4 11. Nd5 Qd8 12. Bc4 {in this position although Black has nearly no
development, the position is solid and the Ns are a little over-extended. This
was the game Kosintseva,T-Hou Yifan, Hanzhou WGM 2011 in which} Nc6 13. f4 Na5
$6 14. Qd3 $14 {ended up favouring White. Many improvements can be found for
both players however, and the 13... Na5 move was decidedly weak.}) 10. Ne3 Bc5
{Keeping the B inside the pawn chain would fail to justify the other
weaknesses in Black's position. I like this placement.} 11. Nc3 d6 12. Ncd5 Qd8
13. c3 {This move looks to be a little slow, but let's take stock. White has
really done as much as he can without committing to f4, which is not a move
that looks pleasant considering how powerful the B on c5 would become. So,
barring f4, what is White to do? He already controls d5 - now what? These
questions are not so easily answered.} Be6 14. Bc2 {If White has to resort to
this kind of manoeuvres it is hard to say Black is that much worse.} O-O 15.
Ng4 (15. Bb3 Nd7 16. Qf3 Rc8 17. Rad1 Kg7 18. Rd2 Qg5 $15 {and it's quite easy
to see Black eventually taking over the intiative in this position.}) 15... Nd7
$5 {A cool decision! Black sacrifices a pawn to finish development and start
his own initiative on the kingside.} (15... Kg7 {was enough to give him a good
game though. I'm not entirely sure what the follow up on Ng4 is.}) 16. Nxh6+
Kg7 17. Nf5+ $1 {But Karjakin is no tame sheep to grab a pawn and hope to be
able to defend. He starts a counterattack to try to get a perpetual before
succumbing to passivity.} (17. Ng4 $6 Qg5 18. Nge3 Rh8 $17 {is incredibly
dangerous.}) 17... gxf5 18. exf5 Bxd5 19. Qg4+ Kh6 20. Qh3+ Kg5 {Of course,
being ahead two pieces and with no mate in sight, Svidler doesn't wish to
concede the draw so easily. However Karjakin has calculated far enough.} 21.
Qg3+ Kh5 22. Qg7 $1 {With the deadly threat of Bd1+ followed by mate. Black
actually only has one defensive resource!} Bf3 23. Qh7+ Kg5 24. Qg7+ Kh5 25.
Qh7+ Kg5 26. Qg7+ Kh5 {Unfortunately there are no more winning attempts, and
the perpetual seals the draw. Despite being so short it was definitely a crazy
game.} 1/2-1/2

[Event "Hastings 9697"]
[Site "Hastings"]
[Date "1996.??.??"]
[Round "2"]
[White "Xie, Jun"]
[Black "Movsesian, Sergei"]
[Result "1-0"]
[WhiteElo "2510"]
[BlackElo "2635"]
[Annotator "Ribli,Z"]
[PlyCount "69"]
[EventDate "1996.12.??"]
[EventType "tourn"]
[EventRounds "9"]
[EventCountry "ENG"]
[EventCategory "13"]
[SourceTitle "CBM 057"]
[Source "ChessBase"]
[SourceDate "1997.04.01"]
[SourceVersion "1"]
[SourceVersionDate "1997.04.01"]
[SourceQuality "1"]

1. e4 c5 2. Nf3 e6 3. d4 cxd4 4. Nxd4 a6 5. Bd3 Qc7 6. O-O Nf6 7. c4 $6 {
Stattdessen ist 7.Qe2 die beste Möglichkeit für Weiß.  Nur nach 7...d6 sollte
8.c4 folgen. Ribli.} d6 $6 {Mit 7...Nc6 Schwarz kann sofort ausgleichen. Ribli.
} 8. Nc3 {Wir haben jetzt eine Grundstellung der Paulsen-Variante.Weiß
kontrolliert mehr Raum, aber Schwarz hat auch seine Chancen in dieser
assymetrische Stellung. Er kann Weiß immer "sticheln", er bekommt gute
taktische Möglichkeiten, wenn Weiss nicht sehr aufmerksam spielt. In der
heutigen Tunierpraxis ist diese "Igelstellung" sehr populär, obwohl Weiß
theoretisch besser steht. Aber in der praktischen Partie ist sie eher für
Schwarz leicht zu spielen.Ribli.} g6 9. Qe2 Bg7 10. Nf3 O-O 11. Rd1 $1 {
Am Besten! Ich bin sicher, daß dieser Plan Weiss maximale Möglichkeiten bietet.
Fortsetzungen wie z.B. 10.b3 und dann 11.Bb2 geben nichts her. Ribli.} Nc6 12.
h3 $5 {Eine nützliche Profilaxe.} ({Nach} 12. Bf4 {folgt mit Tempo} e5 {
und dann} 13. Z0 Bg4) 12... Nd7 13. Bf4 {Dieser Aufbau mit Rd1 und Bf4 ist
sehr logisch, denn wenn Schwarz nicht Be7 spielt, hat er eine Schwäche auf d6.
Ribli.} (13. Be3 b6 14. Rac1 Bb7 15. Bb1 Nce5 16. Nxe5 Nxe5 17. b3 Rfd8 18. Qd2
$36 {Almasi,Z-Vogt,L/Altensteig/1993/}) 13... Nce5 (13... Nde5 $5) (13... b6
14. Rac1 Bb7 15. Nd5 (15. Nb5 axb5 16. cxb5 Rxa2 17. bxc6 Bxc6) 15... exd5 (
15... Qd8 $5) 16. cxd5 $16) 14. Rac1 b6 15. Nxe5 dxe5 $6 {Dieser Zug gefällt
mir nicht. Nach dem Partiezug hat Weiß eine gefährliche Bauernmehrheit am
Damenflügel, der schwarze Fianchetto-Läufer ist eingeschlossen und der Spriger
auf d7 ist weit von seinem Idealfeld d4 entfernt. Ribli.} (15... Nxe5 16. b3
Bb7 17. Bb1 Rfd8 18. Qd2 {siehe oben}) 16. Be3 $14 Bb7 17. b4 $1 f5 18. f3 (18.
exf5 $2 {wäre ein schwerer strategischer Fehler. Ribli.} gxf5 $15) 18... Rf7
19. c5 bxc5 20. Na4 fxe4 21. fxe4 (21. Bxe4 Bxe4 22. fxe4) 21... Bf8 22. Nxc5
Nxc5 23. bxc5 $5 (23. Bxc5 Bxc5+ 24. bxc5 (24. Rxc5 Qb6 {Diese Fesselung ist
für Weiß unangenehm. Schwarz kann jetzt z.B. 25...a5 spielen. Ribli.})) 23...
Rd8 24. Bc4 {Dieser Zug zielt auf den schwachen Punkt e6. Der Weiße
c-Freibauer ist nicht so gefährlich - er ist gut blockiert . Jetzt spielen die
schwarzen Bauernschwächen die Hauptrolle.Ribli.} Rxd1+ 25. Rxd1 Qc6 26. Kh2 $1
{Ein guter profilaktischer Zug. Weiß vermeidet alle taktischen Motive und
bereitet deutlich den entscheidenden Angriff vor.} h5 27. Qb2 Re7 28. Rd8 Qc7 (
28... Qxe4 29. Bh6 (29. Qf2 Qf5 30. Qxf5 gxf5 31. Bh6 Rf7 32. Bxe6 $18) 29...
Qxc4 30. Qf2 (30. Rxf8+ Kh7 31. Qxe5 Kxh6 $13) (30. Bxf8 $18) 30... Kh7 31.
Qxf8 $18) 29. Qb6 $1 Kg7 30. Bg5 Bxe4 (30... Rd7 31. Qxe6 Rxd8 32. Qg8#) 31.
Bxe7 Qxe7 32. Qd6 Qxd6 33. cxd6 $18 {Schwarz ist hilflos gegen den weißen
Freibauern. Er muß mindestens eine Figur für ihn geben. Ribli.} Kf7 34. d7 Bh6
35. Rf8+ {Schwarz gab auf, weil jetzt eine Dame auf der Szene erscheint.Ribli.}
1-0

[Event "EU-chT (Men) 11th"]
[Site "Pula"]
[Date "1997.05.??"]
[Round "2.2"]
[White "Yudasin, Leonid"]
[Black "Movsesian, Sergei"]
[Result "1-0"]
[WhiteElo "2600"]
[BlackElo "2630"]
[Annotator "Ribli,Z"]
[PlyCount "111"]
[EventDate "1997.05.05"]
[EventType "team-swiss"]
[EventRounds "9"]
[EventCountry "CRO"]
[SourceTitle "CBM 057 Extra"]
[Source "ChessBase"]
[SourceDate "1997.05.01"]
[SourceVersion "1"]
[SourceVersionDate "1997.05.01"]
[SourceQuality "1"]
[WhiteTeam "Israel"]
[BlackTeam "Czech Republic"]
[WhiteTeamCountry "ISR"]
[BlackTeamCountry "CZE"]

1. e4 c5 2. Nf3 e6 3. d4 cxd4 4. Nxd4 a6 5. Bd3 Nf6 6. O-O d6 (6... Qc7 $5 {
Ich glaube, dieser Zug kommt stark in Betracht.Ribli.} 7. Qe2 (7. c4 $6 Nc6 $1
$11) 7... d6) 7. c4 g6 8. Nc3 Bg7 {[#]} 9. Nf3 $5 {[%csl Rd6] Das ist die
beste Fortsetzung für Weiß. Der weiße Aufbau ist gegen den schwachen Pd6
ausgerichtet.Ribli.} (9. Be3 O-O 10. Re1 b6 11. f3 Bb7 12. Bf1 $14) (9. Nb3 O-O
10. Be2 Nc6 11. Bf4 Ne8 12. c5 $5 $14) 9... O-O (9... b6 10. Qa4+ Nfd7 11. Bf4
e5 12. Bg5 f6 13. Be3 O-O 14. Rfd1 {1-0 Koch,J-Guyot,P/FRA-ch Angers 1990 (38)}
) 10. Bf4 (10. Be2 Qe7 11. Bf4 Rd8 12. Qd2 Nc6 13. Rfd1 {1-0 Shmuter,
L-Marchenko,A/Ukraina-chT Simferopol 1991 (17)}) 10... Ng4 (10... Nc6 11. Be2
e5 12. Be3 Ng4 13. Bg5 f6 14. Bd2 f5 15. Bg5 Bf6 {Renet,O-Sokolov,A/St.Martin
op 1992/1/2-1/2 (63)}) (10... Nh5 11. Bg5 $1 Qc7 12. Qd2 Nd7 13. Rac1 b6 14.
Rfd1 Re8 15. Be2 $1 {[#]} Bf8 16. Ne1 {1-0 Aseev,K-Kochyev,A/St.Petersburg-ch
1995 (31)}) (10... e5 $6 {[%csl Rd5,Rg7] Das wäre ein positioneller Fehler,
der den Bg7 einschlösse und den Punkt d5 schwächte.Ribli.} 11. Be3 $11) 11. Be2
$1 $14 {[%csl Rd6][%cal Rf4d6,Rd1d6] Schwarz hat ernsthafte Probleme mit
seinem Pd6.Ribli.} Ne5 (11... e5 12. Bg5 f6 13. Bc1 $14) 12. Nxe5 dxe5 $6 {
Ich glaube, es wäree besser, die Läufer zu tauschen, damit die Schwäche des
Feldes d4 fühlbar wird.Ribli.} (12... Bxe5 13. Bxe5 (13. Bh6 Re8) (13. Qd2 Nc6)
13... dxe5 14. Qxd8 Rxd8 15. Na4 (15. Rfd1 Nc6) 15... Nc6 {[%csl Rd4][%cal
Rc6d4]}) 13. Qxd8 Rxd8 14. Bg5 Re8 15. Na4 {[%csl Rb6][%cal Ra4b6]} Nc6 (15...
Nd7 16. Rfd1 $16 {[%csl Rd6][%cal Yd1d8]}) 16. Nb6 Rb8 17. c5 {Weiss hat eine
gesunde Bauernmehrheit am Damenflügel, während die schwarze Mehrheit am
Königsflügel, wegen des Doppelbauern e6-e5 kaum zu realisieren ist.Ribli.} f5
18. f3 {Natürlich tauscht Weiß unter keinen Umständen auf f5. Auf diese Weise
besitzt er eigentlich einen Mehrbauern.Ribli.} Nd4 19. Bd3 Bf8 20. Rac1 Be7 {
Endlich tauscht Schwarz die schwarzfeldrigen Läufer. Meiner Meinung nach hätte
er das schon im 12.Zug erledigen können.Ribli.} 21. Bxe7 Rxe7 22. Nc4 Nc6 23.
Rfd1 Bd7 24. Bf1 (24. Kf2) 24... Be8 25. Rd6 {[%csl Gd6] Weiss übt großen
positionellen Druck aus. Seine langfristige Drohung ist, a3-b4 zu spielen und
seine Bauernmehrheit am Damenflügel zu verwerten.Ribli.} fxe4 26. fxe4 g5 $5 {
[%cal Ye8g6,Yg6e4] Schwarz findet das einzig mögliche Gegenspiel.Ribli.} 27. a3
Bg6 28. Re1 Rf8 {[%csl Yf4][%cal Yf8f1]} 29. Nb6 (29. g3 $6 {[%csl Rf3][%cal
Yc6d4,Yd4f3]}) 29... Rf4 (29... Nd4 $2 30. Nd7 {[%csl Re5][%cal Rd7f8,Rd7e5]})
30. Bxa6 Nd4 (30... bxa6 31. Rxc6 Rxe4 (31... Bxe4 32. Rc8+ Kg7 33. g3 Rg4 $8 {
[%csl Rg4]} 34. c6 {[%csl Gc6][%cal Rc6c8]}) 32. Rxe4 Bxe4 33. Rc8+ Kg7 34. c6
$16 {[%csl Gc6][%cal Rc6c8]}) 31. Bd3 Ref7 32. Rd8+ Kg7 33. Rd7 $1 {Weiß muß
ein Turmpaar tauschen, da Schwarz sonst Gegenchancen am Königsflügel bekommt.
Ribli.} (33. b4 $2 Bxe4 34. Bxe4 (34. Rxe4 Rxe4 35. Bxe4 Ne2+ 36. Kh1 Rf1#)
34... Ne2+ 35. Rxe2 (35. Kh1 Rf1+ $19) 35... Rf1#) 33... Nb3 34. Rxf7+ Rxf7 35.
Bc2 $1 Nd4 (35... Nxc5 36. b4 Nd7 37. Nc4 {[%csl Rd6,Re5][%cal Yc2a4,Ya4d7]
Und Schwarz kann den Materialverlust nicht vermeiden.Ribli.} b5 38. Nd6 {
[%csl Rb5][%cal Rd6b5,Rd6f7]}) 36. Bd1 Rf4 37. b4 Rxe4 (37... Bxe4 $2 $18 38.
g3) 38. Rxe4 Bxe4 39. a4 {Schwarz hat materielles Gleichgewicht erreicht, aber
die weißen Bauern am Damenflügel sind gefährlich. Und was darüber hinaus
wichtig ist, Schwarz hat einen Doppelbauern, der vom weiße König sehr gut
blockiert werden kann.Ribli.} Bd3 40. b5 e4 41. Kf2 Kf6 42. Nd7+ Ke7 43. Ne5
Bb1 44. g4 $1 {[%cal Gg4f5] Weiß kontrolliert das wichtige Feld f5 und droht
45.Ke3.Ribli.} Bc2 $8 45. Bxc2 (45. Ke3 $2 Bxd1 46. Kxd4 Bxa4) 45... Nxc2 46.
b6 Kd8 $8 47. a5 Nb4 48. Ke3 $18 {Das ist ein weiser Spruch, daß ein
Springerendspiel in Wirklichkeit ein Bauernendspiel ist. In unserer Partie hat
Schwarz nur Schwächen in seiner Stellung.Ribli.} Na6 49. c6 (49. Kd4 e3) 49...
bxc6 50. Nf7+ $1 {[%cal Rf7g5,Yg5h7,Yg5e4,Yg5e6]} Kd7 51. Nxg5 {[%csl Ga5,Gb6]}
h6 52. Nxe4 {Weiß gewinnt die Partie nach Belieben. Er hat zwei verbundene
Freibauern am Damenflügel und auch noch einen potentiellen Freibauern am
Königsflügel.Ribli.} c5 53. Kd3 Kc6 54. Kc4 Nb4 55. Nxc5 (55. h4 {Dieser
Bauernzug gewinnt auch leicht.Ribli.}) 55... Nd5 56. b7 {Und Schwarz gab.Ribli.
} (56. b7 Kc7 57. Nxe6+ $18) 1-0

[Event "Budapest FS02 GM"]
[Site "Budapest"]
[Date "1994.??.??"]
[Round "11"]
[White "Yemelin, Vasily"]
[Black "Bezold, Michael"]
[Result "1-0"]
[WhiteElo "2475"]
[BlackElo "2515"]
[Annotator "Ribli,Z"]
[PlyCount "117"]
[EventDate "1994.02.??"]
[EventType "tourn"]
[EventRounds "13"]
[EventCountry "HUN"]
[EventCategory "9"]
[SourceTitle "CBM 040"]
[Source "ChessBase"]
[SourceDate "1994.06.01"]
[SourceVersion "1"]
[SourceVersionDate "1994.06.01"]
[SourceQuality "1"]

1. e4 c5 2. Nf3 e6 3. d4 cxd4 4. Nxd4 a6 5. Bd3 Bc5 6. Nb3 Ba7 7. O-O Nc6 8.
Qe2 d6 9. a4 $6 (9. Be3 Nf6 10. c4 $5 {Topalov,V-Dorfman,J/Elenite/1992/}) 9...
Nge7 10. Be3 Bxe3 11. Qxe3 b6 12. N1d2 O-O 13. Rfd1 Qc7 14. Nc4 Rb8 15. Qg3 e5
16. Bf1 Rd8 17. Ne3 b5 18. axb5 axb5 19. Rd2 Be6 20. Nd5 (20. Rad1 Bxb3 21.
cxb3 Nd4 $15) 20... Bxd5 21. exd5 Nb4 22. Qf3 Rb6 23. c3 Na6 24. Rdd1 Qb8 25.
Na5 Nc7 26. b4 Ne8 27. Nc6 Nxc6 28. dxc6 Qc7 29. c4 bxc4 (29... Rxc6 $2 30.
cxb5 Rc3 31. b6 $18) 30. Bxc4 Rxb4 31. Rab1 Rdb8 32. Rxb4 Rxb4 33. Qd5 g6 34.
h4 Nf6 35. Qxd6 Qxd6 36. Rxd6 Rxc4 37. Rxf6 Rxh4 $2 (37... Kg7 38. Rd6 Rxh4 39.
Rd5 $1 Rc4 40. Rxe5 Rxc6 $10) (37... Kf8 $1 38. c7 Rxc7 39. g3 $15) 38. f4 $1
Kg7 39. Rxf7+ $1 Kxf7 40. c7 Rxf4 41. c8=Q h5 42. Qh8 Ke6 43. Qg7 Rg4 44. Qg8+
Kf6 45. Qd5 Rd4 46. Qc6+ Kf5 47. Kf2 Rf4+ 48. Ke3 Rg4 49. Qd5 Kf6 50. Qd6+ Kf5
51. Kf2 Rf4+ 52. Kg1 Rd4 53. Qe7 Rg4 54. Qf7+ Kg5 55. Qe6 Kf4 56. Kf2 Ke4 57.
g3 Rg5 58. Qc4+ Kf5 59. Qf7+ (59. Qf7+ Ke4 60. Qf3+ Kd4 61. Qe3+ $18) 1-0

[Event "St Petersburg-ch"]
[Site "St Petersburg"]
[Date "1995.??.??"]
[Round "12"]
[White "Aseev, Konstantin N"]
[Black "Kochyev, Alexander"]
[Result "1-0"]
[WhiteElo "2530"]
[BlackElo "2455"]
[Annotator "Ribli,Z"]
[PlyCount "63"]
[EventDate "1995.04.??"]
[EventType "tourn"]
[EventRounds "12"]
[EventCountry "RUS"]
[EventCategory "9"]
[SourceTitle "CBM 047"]
[Source "ChessBase"]
[SourceDate "1995.08.01"]
[SourceVersion "1"]
[SourceVersionDate "1995.08.01"]
[SourceQuality "1"]

1. e4 {Ernst} c5 2. Nf3 e6 3. d4 cxd4 4. Nxd4 a6 5. Bd3 Nf6 6. O-O d6 7. c4 g6
8. Nc3 Bg7 {[#]} 9. Nf3 $5 {Das ist offenbar eine Neurung mit einer sehr
interessanten Idee.} (9. Be3 O-O 10. Re1 b6 11. f3 Bb7 12. Bf1 $14 {Weiss hat
Raumvorteil, waehrend Schwarz eine passive aber sehr elastische Stellung hat.})
(9. Be3 {Ernst}) (9. Nb3 {Ernst} O-O 10. Be2 Nc6 (10... b6 11. Bf4 e5 $8 12.
Be3 Bb7 13. f3 Qc7 $14 14. a4 $5 {Serper,G-Plachetka,J/Zurich/1991/}) 11. Bf4
Ne8 (11... Ne5 12. c5 $16) 12. c5 $5 {Nunn} (12. Qd2 b6 $10 {/\ 13..Ne5}) 12...
e5 (12... dxc5 13. Qxd8 Nxd8 14. Na4 $16 {Nunn}) 13. Be3 Be6 14. Nd5 $14 {Nunn}
) 9... O-O 10. Bf4 $5 {Droht /\ 10.Be2. Weiss spielt gegen den d6-Bauern. [#]
><d6} Nh5 (10... Qe7 {Ernst} 11. Be2 Rd8 12. Qd2 Nc6 13. Rfd1 Bf8 14. Rab1 b6
15. h3 $16 {Schmuter,L-Marchenko,A/Ukraine/1991/}) (10... Nc6 {Ernst} 11. Be2
e5 12. Be3 Ng4 13. Bg5 f6 14. Bd2 f5 15. Bg5 Bf6 16. Bxf6 Nxf6 17. exf5 Bxf5
18. Qd2 Qb6 $10 {Renet,O-Sokolov,A/Saint Martin/1992/}) 11. Bg5 Qc7 12. Qd2 Nd7
13. Rac1 b6 14. Rfd1 Re8 15. Be2 $1 {[#]} Bf8 16. Ne1 Ng7 (16... Nhf6 17. Qf4
Be7 18. Qh4 $14) 17. f4 Bb7 18. b4 {Droht /\ e5. ><c5} Rec8 19. Nf3 Ne8 20. f5
$1 {[#]} Ng7 21. fxe6 fxe6 22. a3 Re8 23. Bf4 e5 $2 {Schwarz duerfte so
einfach den d5-Punkt nicht uebergeben. ><d5} (23... Ne5 24. Nxe5 dxe5 25. Bg5
$14) 24. Nd5 $1 $16 Qb8 25. Be3 Kh8 26. Ng5 $1 {Droht /\ Bg4. [#] /\ 27.Bg4} h5
27. Rf1 $1 {Schwarz kann nur zuschauen was am Koenigsfluegel passiert.} Bc6 28.
Rf7 Ra7 29. Rcf1 Bxd5 30. cxd5 {Droht /\ Qe1,Qg3,Ne6,Qg6. [#]} Rc7 $2 {
Verkuerzt die Partie.} 31. Bxa6 b5 32. Qd3 {Ribli} 1-0